[Event "Saint Louis Cairns Cup (Women) 5th"]
[Site "Saint Louis"]
[Date "2025.06.16"]
[Round "6"]
[White "Assaubayeva, Bibissara"]
[Black "Lee, Alice"]
[Result "1-0"]
[WhiteElo "2509"]
[BlackElo "2389"]
[PlyCount "49"]
[EventDate "2025.06.10"]
[EventType "tourn"]
[EventRounds "9"]
[EventCountry "USA"]
[EventCategory "10"]
[SourceTitle "CB26_2025"]
[SourceDate "2025.06.25"]
[SourceVersion "1"]
[SourceVersionDate "2025.06.25"]
[SourceQuality "1"]

1. e4 c5 2. Nf3 Nc6 3. Nc3 e5 4. Bc4 d6 5. d3 Be7 6. Nd2 Bg5 7. h4 Bh6 8. Qh5 g6 9. Qd1 Nd4 10. Nf1 Bxc1 11. Qxc1 Nf6 12. Ne3 Rb8 13. a4 a6 14. a5 Nc6 15. Ned5 Nh5 16. Qg5 f6 17. Qh6 Nxa5 18. Rg1 Nxc4 19. g4 Nf4 20. Qg7 Bd7 21. Qxh8+ Kf7 22. Qxh7+ Ke6 23. dxc4 b5 24. Nxf4+ exf4 25. Nd5 1-0

[Event "Saint Louis Cairns Cup (Women) 5th"]
[Site "Saint Louis"]
[Date "2025.06.10"]
[Round "1"]
[White "Lee, Alice"]
[Black "Batsiashvili, Nino"]
[Result "1-0"]
[WhiteElo "2389"]
[BlackElo "2462"]
[PlyCount "121"]
[EventDate "2025.06.10"]
[EventType "tourn"]
[EventRounds "9"]
[EventCountry "USA"]
[EventCategory "10"]
[SourceTitle "CB26_2025"]
[SourceDate "2025.06.25"]
[SourceVersion "1"]
[SourceVersionDate "2025.06.25"]
[SourceQuality "1"]

1. d4 d5 2. c4 e6 3. Nf3 Nf6 4. Nc3 Be7 5. Bf4 c5 6. dxc5 Bxc5 7. e3 Nc6 8. Be2 dxc4 9. Qxd8+ Nxd8 10. Bxc4 Bb4 11. Rc1 Ne4 12. Be5 Nc6 13. Bb5 Bd7 14. 0-0 Nxc3 15. Bxc3 Bxc3 16. Rxc3 Ke7 17. Bxc6 Bxc6 18. Ne5 Rhc8 19. Rfc1 Kf6 20. Nxc6 Rxc6 21. Rxc6 bxc6 22. Rxc6 Rd8 23. Rc1 Rd2 24. Rb1 g5 25. g4 Ke5 26. Kg2 f5 27. h3 Ke4 28. a4 f4 29. exf4 gxf4 30. b4 e5 31. a5 a6 32. b5 axb5 33. Rb4+ Kd5 34. Rxb5+ Kd6 35. Kf3 Ke6 36. a6 Rd3+ 37. Kg2 Ra3 38. Rb6+ Kd5 39. Rf6 Ke4 40. Rd6 Ra1 41. Rf6 Ra2 42. g5 Kd5 43. h4 e4 44. Rf5+ Kd6 45. Rxf4 Ke5 46. Rf7 Rxa6 47. Rxh7 Kf5 48. Rh6 Ra2 49. Rh8 e3 50. Rf8+ Kg4 51. g6 Ra7 52. fxe3 Rg7 53. Rf3 Kxh4 54. Rg3 Kh5 55. Kf3 Kh6 56. Kf4 Rg8 57. g7 Kh7 58. Kf5 Rb8 59. g8Q+ Rxg8 60. Rxg8 Kxg8 61. Ke6 1-0

[Event "ChessKid Youth U16 GpB"]
[Site "Chess.com INT"]
[Date "2025.06.07"]
[Round "3"]
[White "Chen, Ryo"]
[Black "Lee, Alice"]
[Result "1/2-1/2"]
[WhiteElo "2395"]
[BlackElo "2389"]
[PlyCount "76"]
[EventDate "2025.06.07"]
[EventType "tourn (blitz)"]
[EventRounds "10"]
[EventCountry "USA"]
[EventCategory "9"]
[SourceTitle "CB26_2025"]
[SourceDate "2025.06.25"]
[SourceVersion "1"]
[SourceVersionDate "2025.06.25"]
[SourceQuality "1"]

1. e4 d5 2. exd5 Qxd5 3. Nc3 Qd8 4. d4 Nf6 5. Nf3 g6 6. Bf4 Bg7 7. Qd2 Bf5 8. 0-0-0 Ne4 9. Nxe4 Bxe4 10. Ng5 Bd5 11. c4 h6 12. cxd5 hxg5 13. Bxg5 Qxd5 14. Kb1 Nc6 15. Be3 0-0-0 16. Be2 Bxd4 17. Bf3 Qf5+ 18. Ka1 Bxe3 19. Qxe3 Nb4 20. Be4 Qa5 21. a3 f5 22. Bb1 e5 23. g4 e4 24. gxf5 gxf5 25. f3 Rde8 26. fxe4 fxe4 27. Rd4 Nd5 28. Qg5 c6 29. Bxe4 Rd8 30. Rhd1 Kb8 31. Bxd5 cxd5 32. Rxd5 Rxd5 33. Rxd5 Qe1+ 34. Ka2 Qe6 35. Ka1 Qe1+ 36. Ka2 Qe6 37. Kb1 Qe4+ 38. Ka1 Qe1+ 1/2-1/2

[Event "Charlotte Spring GM-A"]
[Site "Charlotte"]
[Date "2025.04.20"]
[Round "8"]
[White "Gauri, Shankar"]
[Black "Lee, Alice"]
[Result "1-0"]
[WhiteElo "2348"]
[BlackElo "2389"]
[PlyCount "75"]
[EventDate "2025.04.16"]
[EventType "tourn"]
[EventRounds "9"]
[EventCountry "USA"]
[EventCategory "6"]
[SourceTitle "CB17_2025"]
[SourceDate "2025.04.23"]
[SourceVersion "1"]
[SourceVersionDate "2025.04.23"]
[SourceQuality "1"]

1. e4 c5 2. Nf3 Nc6 3. Bb5 d6 4. 0-0 Bd7 5. Re1 a6 6. Bc4 Nf6 7. c3 Bg4 8. d4 Bxf3 9. gxf3 e6 10. Be3 Be7 11. Bd3 Qd7 12. Nd2 g5 13. Kh1 Nh5 14. Nc4 Qc7 15. a4 d5 16. exd5 exd5 17. Ne5 Nxe5 18. dxe5 Qd7 19. f4 Nxf4 20. Bxf4 gxf4 21. Qh5 Qc6 22. Bf5 Kd8 23. Rad1 Kc7 24. Qxf7 Rae8 25. Qxd5 Rd8 26. Qxc6+ Kxc6 27. Kg2 Rdg8+ 28. Kf3 Rg5 29. Be4+ Kc7 30. Bxb7 Rg6 31. e6 Bd6 32. Bxa6 Rh6 33. e7 Rg8 34. e8N+ Kb6 35. Rxd6+ Rxd6 36. Nxd6 Kxa6 37. Nc4 Rg6 38. Re7 1-0

[Event "Charlotte Spring GM-A"]
[Site "Charlotte"]
[Date "2025.04.19"]
[Round "7"]
[White "Lee, Alice"]
[Black "Amburgy, Ryan"]
[Result "1-0"]
[WhiteElo "2389"]
[BlackElo "2266"]
[PlyCount "135"]
[EventDate "2025.04.16"]
[EventType "tourn"]
[EventRounds "9"]
[EventCountry "USA"]
[EventCategory "6"]
[SourceTitle "CB17_2025"]
[SourceDate "2025.04.23"]
[SourceVersion "1"]
[SourceVersionDate "2025.04.23"]
[SourceQuality "1"]

1. d4 Nf6 2. c4 e6 3. Nf3 d5 4. Nc3 Bb4 5. Qb3 c5 6. dxc5 Nc6 7. Bg5 Qa5 8. Bxf6 dxc4 9. Qxc4 gxf6 10. Rc1 Qxc5 11. Qh4 Ke7 12. g3 Bd7 13. Bg2 Bxc3+ 14. Rxc3 Qb4 15. Qh5 Qa5 16. Qxa5 Nxa5 17. Kd2 Rhd8 18. Rhc1 Nc6 19. a3 Rab8 20. Ke1 Be8 21. Nd2 f5 22. Nc4 f6 23. Nd2 Rd6 24. Nb3 Nd8 25. Na5 b6 26. Nb3 Ba4 27. Rc7+ Ke8 28. Nd2 Rd7 29. f4 Ke7 30. e4 fxe4 31. Nxe4 f5 32. Ng5 h6 33. Nf3 Nf7 34. Nd4 a5 35. b3 Kf6 36. Rxd7 Bxd7 37. Rc7 Rd8 38. Ke2 e5 39. fxe5+ Kxe5 40. Ke3 a4 41. bxa4 Nd6 42. Nf3+ Kf6 43. Kf4 Re8 44. Ne5 Bxa4 45. Nc4 Nxc4 46. Rxc4 Bd7 47. Rc7 Rd8 48. Rb7 b5 49. Rb6+ Be6 50. Ke3 Rd1 51. Bf3 Re1+ 52. Kf2 Re5 53. Bc6 Kg5 54. Rxb5 Rxb5 55. Bxb5 f4 56. a4 fxg3+ 57. hxg3 h5 58. a5 Bc8 59. Be2 h4 60. g4 Kf4 61. Kg2 Ke3 62. a6 Kf4 63. Kh3 Kg5 64. a7 Bb7 65. Bf1 Bf3 66. Bg2 Bxg4+ 67. Kh2 h3 68. Bh1 1-0

[Event "Charlotte Spring GM-A"]
[Site "Charlotte"]
[Date "2025.04.18"]
[Round "4"]
[White "Macieja, Bartlomiej"]
[Black "Lee, Alice"]
[Result "1-0"]
[WhiteElo "2520"]
[BlackElo "2389"]
[PlyCount "167"]
[EventDate "2025.04.16"]
[EventType "tourn"]
[EventRounds "9"]
[EventCountry "USA"]
[EventCategory "6"]
[SourceTitle "CB17_2025"]
[SourceDate "2025.04.23"]
[SourceVersion "1"]
[SourceVersionDate "2025.04.23"]
[SourceQuality "1"]

1. c4 c5 2. Nf3 Nf6 3. Nc3 Nc6 4. g3 d5 5. cxd5 Nxd5 6. Bg2 Nc7 7. a3 e5 8. b4 f6 9. bxc5 Bxc5 10. 0-0 0-0 11. Bb2 Qe7 12. Ne4 Bb6 13. a4 Ba5 14. Ba3 Bb4 15. Bxb4 Nxb4 16. a5 Rd8 17. Qb3+ Be6 18. Qb2 Rab8 19. Rfc1 Nc6 20. Nc5 Bf7 21. d3 Rd5 22. Qc2 Nb5 23. e3 Rc8 24. Ne4 Rcd8 25. Ne1 a6 26. Nc5 Nb4 27. Qb2 Rxc5 28. Qxb4 Rc7 29. Qxe7 Rxe7 30. Rc5 Be6 31. h4 Kf7 32. Kf1 Red7 33. f4 exf4 34. gxf4 Bd5 35. Rac1 Bxg2+ 36. Kxg2 Na7 37. Kf3 Ke6 38. f5+ Kd6 39. Ng2 Nc6 40. Nf4 Ke7 41. d4 Kf7 42. h5 Re8 43. Rb1 Ne7 44. Rb3 g6 45. hxg6+ hxg6 46. fxg6+ Nxg6 47. Nd5 Nh4+ 48. Ke2 Nf5 49. Kd3 Nd6 50. Rb1 Rh8 51. Rf1 Ne8 52. Nb6 Re7 53. Rc8 Rh5 54. Nc4 Ke6 55. Rf3 Rb5 56. Rd8 Rb3+ 57. Kc2 Rb5 58. Kc3 Rd5 59. Rc8 Nd6 60. Nxd6 Rxd6 61. Rf8 Kd7 62. Kc4 b5+ 63. Kd3 Ree6 64. e4 Ke7 65. Rh8 b4 66. Rb8 Rd7 67. Rh3 f5 68. Rh7+ Kd6 69. Rxd7+ Kxd7 70. exf5 Re1 71. f6 Rf1 72. f7 Rxf7 73. Rb7+ Ke8 74. Rxf7 Kxf7 75. Kc4 Ke6 76. Kxb4 Kd5 77. Kc3 Kd6 78. Kc4 Kc6 79. d5+ Kb7 80. Kc5 Kc7 81. d6+ Kb7 82. Kd5 Kb8 83. Ke6 Kc8 84. Ke7 1-0

[Event "American Cup Champ (Women)"]
[Site "Saint Louis"]
[Date "2025.03.23"]
[Round "4.4"]
[White "Lee, Alice"]
[Black "Abrahamyan, Tatev"]
[Result "1-0"]
[WhiteElo "2386"]
[BlackElo "2310"]
[PlyCount "58"]
[EventDate "2025.03.15"]
[EventType "k.o."]
[EventRounds "4"]
[EventCountry "USA"]
[SourceTitle "CB13_2025"]
[SourceDate "2025.03.26"]
[SourceVersion "1"]
[SourceVersionDate "2025.03.26"]
[SourceQuality "1"]

1. d4 Nf6 2. c4 e6 3. Nf3 d5 4. g3 Be7 5. Bg2 0-0 6. 0-0 c6 7. Qc2 b6 8. b3 Bb7 9. Bb2 Nbd7 10. Nbd2 c5 11. a3 Rc8 12. Qb1 dxc4 13. Nxc4 Be4 14. Qa2 Qc7 15. Rac1 Qb7 16. dxc5 Nxc5 17. b4 Na4 18. Bxf6 gxf6 19. Qb3 b5 20. Ncd2 Bd5 21. Qe3 a6 22. Nh4 Bxg2 23. Nxg2 Rxc1 24. Rxc1 Rc8 25. Nf3 Rxc1+ 26. Qxc1 Qd7 27. Nf4 Bf8 28. Nh5 Bg7 29. Qf4 Qd1+ 1-0

[Event "American Cup Champ (Women)"]
[Site "Saint Louis"]
[Date "2025.03.17"]
[Round "1.3"]
[White "Lee, Alice"]
[Black "Paikidze, Nazi"]
[Result "1-0"]
[WhiteElo "2386"]
[BlackElo "2294"]
[PlyCount "81"]
[EventDate "2025.03.15"]
[EventType "k.o."]
[EventRounds "4"]
[EventCountry "USA"]
[SourceTitle "CB13_2025"]
[SourceDate "2025.03.26"]
[SourceVersion "1"]
[SourceVersionDate "2025.03.26"]
[SourceQuality "1"]

1. d4 Nf6 2. c4 e6 3. Nf3 h6 4. Nc3 Bb4 5. g3 b6 6. Bg2 Bb7 7. Bd2 0-0 8. 0-0 d6 9. a3 Bxc3 10. Bxc3 Nbd7 11. b4 Ne4 12. Bb2 f5 13. Rc1 Qe7 14. Qc2 c5 15. dxc5 dxc5 16. Rfd1 e5 17. b5 Rad8 18. Nh4 Qe6 19. Nf3 Nef6 20. Nxe5 Bxg2 21. Nxd7 Nxd7 22. Kxg2 f4 23. Qc3 Nf6 24. Rxd8 Rxd8 25. Qf3 Ne4 26. gxf4 Rf8 27. Be5 Qg6+ 28. Kh1 Kh8 29. Rg1 Ng5 30. Qd5 Qf5 31. fxg5 h5 32. Bg3 Qg6 33. Rd1 Re8 34. Qd3 Qe6 35. Qf3 Qg6 36. Rd6 Qb1+ 37. Kg2 h4 38. Bxh4 Kg8 39. g6 Rf8 40. Qd5+ Kh8 41. Qh5+ 1-0

[Event "American Cup Champ (Women)"]
[Site "Saint Louis"]
[Date "2025.03.16"]
[Round "1.1"]
[White "Lee, Alice"]
[Black "Paikidze, Nazi"]
[Result "1-0"]
[WhiteElo "2386"]
[BlackElo "2294"]
[PlyCount "103"]
[EventDate "2025.03.15"]
[EventType "k.o."]
[EventRounds "4"]
[EventCountry "USA"]
[SourceTitle "CB13_2025"]
[SourceDate "2025.03.26"]
[SourceVersion "1"]
[SourceVersionDate "2025.03.26"]
[SourceQuality "1"]

1. Nf3 Nf6 2. c4 e6 3. g3 d5 4. Bg2 c6 5. Qc2 b6 6. 0-0 Bb7 7. d4 Nbd7 8. Nbd2 Be7 9. e4 dxe4 10. Nxe4 Nxe4 11. Qxe4 Nf6 12. Qc2 0-0 13. Rd1 Qc8 14. Ne5 Bd6 15. Bg5 Ne8 16. c5 bxc5 17. Nc4 cxd4 18. Nxd6 Nxd6 19. Be7 Nf5 20. Bxf8 Qxf8 21. Rac1 g6 22. Qc5 Qxc5 23. Rxc5 Rd8 24. Bxc6 Bxc6 25. Rxc6 Rd5 26. b4 h5 27. a4 d3 28. Rc3 d2 29. b5 Rd4 30. a5 Rb4 31. Rxd2 Rxb5 32. a6 Rb6 33. Ra2 h4 34. Kg2 g5 35. Ra4 Rb2 36. Rg4 f6 37. Re4 e5 38. Rf3 Nd6 39. Ra4 f5 40. gxh4 g4 41. Rfa3 Kf7 42. Ra2 Rb3 43. R4a3 Rb1 44. h3 gxh3+ 45. Rxh3 f4 46. Rc3 Ke6 47. Rc6 Kd5 48. Rc7 Nf5 49. Rxa7 Nxh4+ 50. Kh3 Nf5 51. Rb7 Rg1 52. a7 1-0

[Event "Wch Blitz (Women)"]
[Site "New York"]
[Date "2024.12.30"]
[Round "10"]
[White "Garcia Martin, Marta"]
[Black "Lee, Alice"]
[Result "1/2-1/2"]
[WhiteElo "2322"]
[BlackElo "2398"]
[PlyCount "152"]
[EventDate "2024.12.30"]
[EventType "swiss (blitz)"]
[EventRounds "11"]
[EventCountry "USA"]
[SourceTitle "CB01_2025"]
[SourceDate "2025.01.01"]
[SourceVersion "1"]
[SourceVersionDate "2025.01.01"]
[SourceQuality "1"]

1. e4 c5 2. Nc3 Nc6 3. Bb5 Nd4 4. Nf3 a6 5. Bd3 Nc6 6. 0-0 e6 7. Nd5 d6 8. Ne3 g6 9. c3 Bg7 10. Bc2 Nge7 11. d4 cxd4 12. cxd4 0-0 13. Ng4 h5 14. Ne3 b5 15. d5 exd5 16. exd5 Ne5 17. Nxe5 dxe5 18. d6 Nc6 19. Be4 Bb7 20. a4 Rb8 21. axb5 axb5 22. Nc2 Nd4 23. Bxb7 Rxb7 24. Nxd4 exd4 25. Bf4 Qf6 26. Qd2 Rd7 27. Rfe1 Rc8 28. Rac1 Rxc1 29. Rxc1 Qe6 30. h3 Rd8 31. Re1 Qd5 32. Qd3 Bf8 33. Be5 Bxd6 34. Bf6 Rc8 35. Qxd4 Qxd4 36. Bxd4 Bf8 37. Kf1 Rd8 38. Bf6 Rd6 39. Be5 Rd5 40. Bc3 b4 41. Bf6 Rf5 42. Be7 Rd5 43. Bxf8 Kxf8 44. Re4 b3 45. Re3 Rb5 46. Ke2 Kg7 47. Kd3 Rc5 48. Re2 Rc1 49. Kd4 Rc2 50. Kd3 Rc1 51. Rd2 Kf6 52. Ke3 Ke5 53. Rd3 Rc2 54. Rxb3 f5 55. Rb5+ Kf6 56. h4 Rc4 57. Rb6+ Ke5 58. g3 f4+ 59. Kf3 fxg3 60. fxg3 Kf5 61. Rb5+ Kf6 62. Rb6+ Kf5 63. Rb5+ Kf6 64. b3 Rc1 65. Ke4 Re1+ 66. Kf4 Rf1+ 67. Ke3 Re1+ 68. Kf2 Rb1 69. b4 Rb3 70. Rb8 Kf5 71. Rf8+ Kg4 72. Rf4+ Kh3 73. Rf6 Rb2+ 74. Kf3 Rb3+ 75. Kf2 Rb2+ 76. Kf3 Rb3+ 1/2-1/2

[Event "Wch Blitz (Women)"]
[Site "New York"]
[Date "2024.12.30"]
[Round "5"]
[White "Kiolbasa, Oliwia"]
[Black "Lee, Alice"]
[Result "0-1"]
[WhiteElo "2371"]
[BlackElo "2398"]
[PlyCount "92"]
[EventDate "2024.12.30"]
[EventType "swiss (blitz)"]
[EventRounds "11"]
[EventCountry "USA"]
[SourceTitle "CB01_2025"]
[SourceDate "2025.01.01"]
[SourceVersion "1"]
[SourceVersionDate "2025.01.01"]
[SourceQuality "1"]

1. e4 c5 2. Be2 Nc6 3. f4 g6 4. d3 Bg7 5. Nf3 d6 6. c3 Nf6 7. 0-0 0-0 8. Kh1 c4 9. Be3 e5 10. Nbd2 cxd3 11. Bxd3 Ng4 12. Bg1 exf4 13. Nc4 Nce5 14. h3 Nxd3 15. Qxd3 Ne5 16. Qe2 Qc7 17. Ncd2 Nc6 18. Nd4 g5 19. Rad1 a6 20. a4 Re8 21. Qf3 Ne5 22. Qh5 h6 23. Nf5 Bxf5 24. exf5 d5 25. f6 Bxf6 26. Qxh6 Re6 27. Rde1 Rae8 28. Bd4 Qd6 29. Bxe5 Rxe5 30. Rxe5 Qxe5 31. Nf3 Qf5 32. Rd1 Re2 33. Rxd5 Qxd5 34. Qxf6 Re6 35. Qxg5+ Qxg5 36. Nxg5 Re2 37. b4 Re3 38. c4 Ra3 39. b5 Rxa4 40. bxa6 bxa6 41. c5 Rc4 42. Kg1 a5 43. Nf3 a4 44. Ne5 Rxc5 45. Nd3 Rc3 46. Nb4 a3 0-1

[Event "Wch Blitz (Women)"]
[Site "New York"]
[Date "2024.12.30"]
[Round "11"]
[White "Lee, Alice"]
[Black "Song, Yuxin"]
[Result "0-1"]
[WhiteElo "2398"]
[BlackElo "2384"]
[PlyCount "98"]
[EventDate "2024.12.30"]
[EventType "swiss (blitz)"]
[EventRounds "11"]
[EventCountry "USA"]
[SourceTitle "CB01_2025"]
[SourceDate "2025.01.01"]
[SourceVersion "1"]
[SourceVersionDate "2025.01.01"]
[SourceQuality "1"]

1. d4 g6 2. e4 Bg7 3. Nf3 d6 4. Nc3 Nf6 5. Be2 0-0 6. h3 a6 7. a4 Nc6 8. Be3 Nb4 9. Qd2 Re8 10. a5 c5 11. d5 e6 12. dxe6 Bxe6 13. 0-0 Rc8 14. Rfd1 d5 15. exd5 Nfxd5 16. Nxd5 Nxd5 17. Bg5 Qc7 18. Bc4 Nb4 19. Bxe6 Rxe6 20. Bd8 Qb8 21. c3 Nc6 22. Bb6 Bf8 23. Ra4 Rd6 24. Qc1 Re8 25. Ng5 Bh6 26. Rxd6 Qxd6 27. Re4 Re5 28. Rxe5 Qxe5 29. Nxf7 Bxc1 30. Nxe5 Nxe5 31. b3 Nd7 32. Ba7 Bd2 33. c4 Bxa5 34. Kf1 Kf7 35. Ke2 Ke6 36. f4 b5 37. g4 Bb6 38. Bxb6 Nxb6 39. cxb5 axb5 40. Kd3 Kd5 41. h4 Nc8 42. f5 gxf5 43. g5 Ke5 44. h5 Nd6 45. Ke3 f4+ 46. Kf3 Kf5 47. g6 hxg6 48. hxg6 Kxg6 49. Kxf4 Kf6 0-1

[Event "Wch Blitz (Women)"]
[Site "New York"]
[Date "2024.12.30"]
[Round "1"]
[White "Wu, Rochelle"]
[Black "Lee, Alice"]
[Result "0-1"]
[WhiteElo "2237"]
[BlackElo "2398"]
[PlyCount "36"]
[EventDate "2024.12.30"]
[EventType "swiss (blitz)"]
[EventRounds "11"]
[EventCountry "USA"]
[SourceTitle "CB01_2025"]
[SourceDate "2025.01.01"]
[SourceVersion "1"]
[SourceVersionDate "2025.01.01"]
[SourceQuality "1"]

1. d4 Nf6 2. c4 e6 3. Nc3 d5 4. cxd5 exd5 5. Bg5 Bb4 6. e3 h6 7. Bh4 g5 8. Bg3 h5 9. f3 Nc6 10. Qd2 h4 11. Bf2 g4 12. Bb5 Bd7 13. 0-0-0 h3 14. gxh3 gxf3 15. Qc2 Bxc3 16. bxc3 Ne4 17. Nxf3 Qf6 18. Bxc6 Bxc6 0-1

[Event "Wch Rapid (Women)"]
[Site "New York"]
[Date "2024.12.28"]
[Round "10"]
[White "Lee, Alice"]
[Black "Agrest, Inna"]
[Result "1-0"]
[WhiteElo "2415"]
[BlackElo "2248"]
[PlyCount "71"]
[EventDate "2024.12.26"]
[EventType "swiss (rapid)"]
[EventRounds "11"]
[EventCountry "USA"]
[SourceTitle "CB01_2025"]
[SourceDate "2025.01.01"]
[SourceVersion "1"]
[SourceVersionDate "2025.01.01"]
[SourceQuality "1"]

1. d4 d5 2. c4 e6 3. Nf3 c5 4. cxd5 exd5 5. g3 Nc6 6. Bg2 Nf6 7. 0-0 Be7 8. a3 c4 9. b3 b5 10. a4 Rb8 11. axb5 Rxb5 12. bxc4 dxc4 13. Nc3 Rb3 14. Nd2 Rxc3 15. Bxc6+ Bd7 16. Bxd7+ Qxd7 17. Bb2 Rb3 18. Nxb3 cxb3 19. Qxb3 0-0 20. Ba3 Bxa3 21. Qxa3 Qxd4 22. Qxa7 Qe4 23. Qa6 h5 24. Ra4 Qe5 25. Rc1 Ng4 26. Rc8 g6 27. Rxf8+ Kxf8 28. Qc8+ Kg7 29. Ra8 Kh7 30. Qg8+ Kh6 31. Qxf7 Qd4 32. Qf8+ Qg7 33. Qxg7+ Kxg7 34. Kg2 Kf6 35. Ra4 Ne5 36. Re4 1-0

[Event "Wch Rapid (Women)"]
[Site "New York"]
[Date "2024.12.27"]
[Round "8"]
[White "Lee, Alice"]
[Black "Sukandar, Irine Kharisma"]
[Result "0-1"]
[WhiteElo "2415"]
[BlackElo "2354"]
[PlyCount "114"]
[EventDate "2024.12.26"]
[EventType "swiss (rapid)"]
[EventRounds "11"]
[EventCountry "USA"]
[SourceTitle "CB01_2025"]
[SourceDate "2025.01.01"]
[SourceVersion "1"]
[SourceVersionDate "2025.01.01"]
[SourceQuality "1"]

1. d4 Nf6 2. c4 e6 3. Nf3 d5 4. g3 dxc4 5. Bg2 Bb4+ 6. Bd2 c5 7. Qc2 0-0 8. Qxc4 Bxd2+ 9. Nbxd2 cxd4 10. Nxd4 e5 11. N4b3 a5 12. Rd1 Qe7 13. 0-0 Nc6 14. Qc5 Qe6 15. Nc4 a4 16. Rd6 Qg4 17. Nbd2 Be6 18. Nxe5 Qxe2 19. Nxc6 bxc6 20. Bf3 Qa6 21. Rxc6 Qa5 22. Qc2 Rad8 23. Ne4 Nxe4 24. Bxe4 Rd2 25. Bxh7+ Kh8 26. Qe4 Qh5 27. Qb4 Rfd8 28. Bb1 Rd1 29. Rxe6 Rxf1+ 30. Kxf1 fxe6 31. Kg2 Qd5+ 32. Kh3 Qd4 33. Qa5 e5 34. Bc2 Rf8 35. f4 Qxb2 36. Qxa4 Qd4 37. fxe5 Qxa4 38. Bxa4 Rf2 39. e6 Re2 40. Bd7 Kg8 41. a4 Kf8 42. g4 g5 43. Kg3 Ra2 44. Kf3 Rxh2 45. Ke4 Rf2 46. Kd5 Ke7 47. Kc5 Rc2+ 48. Kb6 Kd6 49. a5 Rb2+ 50. Bb5 Kxe6 51. a6 Kd6 52. a7 Ra2 53. Ba6 Rb2+ 54. Ka5 Kc5 55. Bc4 Kxc4 56. Ka6 Ra2+ 57. Kb7 Kd4 0-1

[Event "Saint Louis Masters op"]
[Site "Saint Louis"]
[Date "2024.12.05"]
[Round "5"]
[White "Proleiko, Julian"]
[Black "Lee, Alice"]
[Result "1/2-1/2"]
[WhiteElo "2265"]
[BlackElo "2398"]
[PlyCount "107"]
[EventDate "2024.12.03"]
[EventType "swiss"]
[EventRounds "9"]
[EventCountry "USA"]
[SourceTitle "CB50_2024"]
[SourceDate "2024.11.01"]
[SourceVersion "1"]
[SourceVersionDate "2024.11.01"]
[SourceQuality "2"]

1. e4 c6 2. Nf3 d5 3. d3 g6 4. e5 c5 5. d4 cxd4 6. Qxd4 Nc6 7. Bb5 e6 8. Bg5 Qa5+ 9. Nc3 Bd7 10. Bxc6 bxc6 11. 0-0 Qb6 12. Qh4 Qxb2 13. Ne2 Qb4 14. Nf4 h6 15. Rab1 Qc4 16. Rb7 Bg7 17. Bf6 g5 18. Qh5 Bxf6 19. Rxd7 Be7 20. Nxe6 Kxd7 21. Qxf7 c5 22. Rb1 Qxa2 23. Rb7+ Kc6 24. Rc7+ Kb6 25. h3 Qxc2 26. Rc6+ Ka5 27. Nfd4 Qb1+ 28. Kh2 Qe4 29. Nb3+ Kb4 30. Nbxc5 Rh7 31. Na6+ Ka5 32. Qh5 d4 33. Nxd4 Qxe5+ 34. g3 Rf8 35. Rc5+ Bxc5 36. Nc6+ Kxa6 37. Nxe5 Rxf2+ 38. Kh1 Rf1+ 39. Kh2 Rf2+ 40. Kh1 Rb7 41. Qg6+ Nf6 42. Qd3+ Rb5 43. Qc4 Ka5 44. Qc3+ Ka6 45. Qc4 Nh5 46. Nd3 Nxg3+ 47. Kg1 Ne2+ 48. Kh1 Ng3+ 49. Kg1 Nh5 50. Qe6+ Bb6 51. Qc8+ Ka5 52. Qc3+ Ka6 53. Qc8+ Ka5 54. Qc3+ 1/2-1/2

[Event "Saint Louis Masters op"]
[Site "Saint Louis"]
[Date "2024.12.03"]
[Round "2"]
[White "Lee, Alice"]
[Black "Gutla, Aryan"]
[Result "0-1"]
[WhiteElo "2398"]
[BlackElo "2271"]
[PlyCount "186"]
[EventDate "2024.12.03"]
[EventType "swiss"]
[EventRounds "9"]
[EventCountry "USA"]
[SourceTitle "CB50_2024"]
[SourceDate "2024.11.01"]
[SourceVersion "1"]
[SourceVersionDate "2024.11.01"]
[SourceQuality "2"]

1. Nf3 Nf6 2. c4 c6 3. e3 d5 4. Nc3 e6 5. Be2 Nbd7 6. d4 Bd6 7. 0-0 0-0 8. Qc2 b6 9. b3 Bb7 10. Bb2 Qe7 11. Rfe1 Rfe8 12. e4 dxe4 13. Nxe4 Nxe4 14. Qxe4 Bb4 15. Red1 Ba3 16. Bxa3 Qxa3 17. Qf4 Qe7 18. Ne5 Red8 19. Bf3 Rac8 20. c5 Qf6 21. Qe3 bxc5 22. Nxd7 Rxd7 23. dxc5 Rcd8 24. Qe1 Rxd1 25. Rxd1 Rxd1 26. Qxd1 g6 27. h3 Qb2 28. Qd8+ Kg7 29. Qc7 Qc3 30. Kh2 Qd4 31. Qd6 Qxd6+ 32. cxd6 Kf8 33. Kg3 Ke8 34. Kf4 f6 35. Ke3 Kd7 36. h4 Kxd6 37. h5 gxh5 38. Bxh5 c5 39. g3 e5 40. Bg4 Bd5 41. Bf5 h6 42. Bd3 a5 43. g4 Be6 44. f3 Bf7 45. f4 h5 46. gxh5 Bxh5 47. Be4 Bf7 48. Bd3 Be6 49. Bc2 Bd5 50. Bd3 Bg8 51. Be4 Be6 52. Bd3 f5 53. Bb5 Kd5 54. Bc4+ Kd6 55. Bb5 e4 56. Kd2 Bd7 57. Ba6 a4 58. bxa4 Bxa4 59. Kc3 Bd7 60. Bb7 Kc7 61. Bd5 Kd6 62. Bb7 Be6 63. a3 Kc7 64. Ba6 Kb6 65. Be2 Ka5 66. Bd1 Bd7 67. Bb3 Bc8 68. Ba2 Ba6 69. Bb3 Be2 70. Be6 Bg4 71. Bb3 e3 72. Kd3 e2 73. Kd2 Kb5 74. Ke1 c4 75. Bc2 Kc5 76. Kd2 Kd4 77. Bb1 c3+ 78. Ke1 Kc5 79. Bc2 Kd4 80. Kf2 Kc4 81. Ke1 Kc5 82. Bb1 Kd6 83. Bd3 Kd5 84. Kf2 Kc5 85. Bb1 Kc4 86. Bc2 Kd4 87. Ke1 Ke3 88. a4 Kxf4 89. Kf2 e1Q+ 90. Kxe1 Ke3 91. Bd1 f4 92. a5 f3 93. Bxf3 Bxf3 0-1

[Event "US Masters op"]
[Site "Charlotte"]
[Date "2024.11.30"]
[Round "6"]
[White "Lee, Alice"]
[Black "Cordova, Emilio"]
[Result "0-1"]
[WhiteElo "2398"]
[BlackElo "2525"]
[PlyCount "106"]
[EventDate "2024.11.27"]
[EventType "swiss"]
[EventRounds "9"]
[EventCountry "USA"]
[SourceTitle "CB49_2024"]
[SourceDate "2024.12.04"]
[SourceVersion "1"]
[SourceVersionDate "2024.12.04"]
[SourceQuality "1"]

1. d4 Nf6 2. c4 c5 3. d5 b5 4. cxb5 a6 5. bxa6 e6 6. Nc3 exd5 7. Nxd5 Nc6 8. Bg5 Be7 9. Nxe7 Qxe7 10. e3 Qe5 11. Bxf6 Qxf6 12. Qd2 Rb8 13. Rb1 0-0 14. a7 Nxa7 15. Ne2 Bb7 16. Nf4 Rfe8 17. Be2 Be4 18. Rd1 Rxb2 19. Qxd7 Bc6 20. Qd6 Qc3+ 21. Kf1 Ba4 22. Re1 Rxa2 23. g4 Bc6 24. Rg1 Ra1 25. Rxa1 Qxa1+ 26. Qd1 Qa5 27. Bf3 Rd8 28. Nd5 Nb5 29. Ne7+ Kf8 30. Qxd8+ Qxd8 31. Nxc6 Qd2 32. Kg2 Nc3 33. Ra1 g6 34. Ne5 Nd5 35. Ra3 Ne7 36. Ra8+ Kg7 37. Ra7 Qd6 38. Nc4 Qe6 39. Nd2 h6 40. h3 g5 41. Ne4 Ng6 42. Nd2 Nh4+ 43. Kf1 Qb6 44. Ra3 Qb2 45. Rd3 c4 46. Nxc4 Qc1+ 47. Rd1 Qxc4+ 48. Be2 Qe4 49. Ke1 Qh1+ 50. Bf1 Nf3+ 51. Ke2 Ng1+ 52. Ke1 Nxh3 53. Rd2 Ng1 0-1

[Event "US Masters op"]
[Site "Charlotte"]
[Date "2024.11.29"]
[Round "5"]
[White "Stremavicius, Titas"]
[Black "Lee, Alice"]
[Result "1/2-1/2"]
[WhiteElo "2545"]
[BlackElo "2398"]
[PlyCount "100"]
[EventDate "2024.11.27"]
[EventType "swiss"]
[EventRounds "9"]
[EventCountry "USA"]
[SourceTitle "CB49_2024"]
[SourceDate "2024.12.04"]
[SourceVersion "1"]
[SourceVersionDate "2024.12.04"]
[SourceQuality "1"]

1. c4 e6 2. Nf3 d5 3. g3 Nf6 4. Bg2 Be7 5. d4 0-0 6. 0-0 dxc4 7. Qc2 a6 8. a4 Bd7 9. Rd1 Bc6 10. Nc3 Qe8 11. e4 b5 12. d5 Bb7 13. axb5 axb5 14. Rxa8 Bxa8 15. Nd4 exd5 16. Ndxb5 Na6 17. exd5 Bc5 18. Qf5 c6 19. dxc6 Bxc6 20. Bxc6 Qxc6 21. Bg5 Ne8 22. Qe4 Qb6 23. Bd8 Nf6 24. Bxb6 Nxe4 25. Bxc5 Naxc5 26. Rd4 f5 27. Rxc4 Rb8 28. Nd4 Rxb2 29. Nxf5 Nxc3 30. Rxc5 Ne4 31. Rc8+ Kf7 32. Rc7+ Kf6 33. Nxg7 Nxf2 34. Nh5+ Kg5 35. Nf4 Kg4 36. Kf1 Ne4 37. Ne2 Rb1+ 38. Kg2 Rb2 39. h3+ Kf5 40. g4+ Kg6 41. Kf1 Rb1+ 42. Nc1 h5 43. gxh5+ Kxh5 44. Kg2 Rb2+ 45. Kf3 Ng5+ 46. Kg3 Rb6 47. Rc5 Re6 48. h4 Re3+ 49. Kf2 Rf3+ 50. Ke2 Kxh4 1/2-1/2